PSYCKOLOGY FOR NURSING (Record no. 21903)

MARC details
000 -LEADER
fixed length control field 00336nam a22001577a 4500
003 - CONTROL NUMBER IDENTIFIER
control field SGT
020 ## - INTERNATIONAL STANDARD BOOK NUMBER
International Standard Book Number 9789352701544
082 ## - DEWEY DECIMAL CLASSIFICATION NUMBER
Classification number 150
Item number P18S
100 ## - MAIN ENTRY--PERSONAL NAME
Personal name SREEVANI, R.
245 ## - TITLE STATEMENT
Title PSYCKOLOGY FOR NURSING
250 ## - EDITION STATEMENT
Edition statement 3RD
260 ## - PUBLICATION, DISTRIBUTION, ETC. (IMPRINT)
Place of publication, distribution, etc INDIA
Name of publisher, distributor, etc JAYPEE PUB
Year of Publication 2018
300 ## - PAGE DESCRIPTION
No. of Pages 254
650 ## - SUBJECT ADDED ENTRY--TOPICAL TERM
Topical term or geographic name as entry element PSYCHOLOGY
942 ## - ADDED ENTRY ELEMENTS (KOHA)
Source of classification or shelving scheme Dewey Decimal Classification
Koha item type Books
942 ## - ADDED ENTRY ELEMENTS (KOHA)
-- 224
Holdings
Withdrawn status Lost status Source of classification or shelving scheme Damaged status Not for loan Collection code Home library Current library Shelving location Date acquired Vendor Name Cost, normal purchase price SGTU Bill Number Total Checkouts Total Renewals Full call number Accession No. (Barcode) Date last seen Date last borrowed Bill Date Koha item type
    Dewey Decimal Classification     NURSING SGT Medical Library SGT Medical Library Text Book 01/10/2021 JAYPEE PUB 550.00 SGTU 12-08-2021 61 3 150 P18S FN4311 10/01/2026 23/12/2025   Books
    Dewey Decimal Classification     NURSING SGT Medical Library SGT Medical Library Text Book 01/10/2021 JAYPEE PUB 550.00 SGTU 12-08-2021 47 1 150 P18S FN4312 10/01/2026 24/12/2025   Books
    Dewey Decimal Classification     NURSING SGT Medical Library SGT Medical Library Text Book 01/10/2021 JAYPEE PUB 550.00 SGTU 12-08-2021 61   150 P18S FN4313 10/01/2026 24/12/2025   Books
    Dewey Decimal Classification     NURSING SGT Medical Library SGT Medical Library Text Book 01/10/2021 JAYPEE PUB 550.00 SGTU 12-08-2021 49 2 150 P18S FN4314 19/01/2026 24/12/2025   Books
    Dewey Decimal Classification     NURSING SGT Medical Library SGT Medical Library Text Book 01/10/2021 JAYPEE PUB 550.00 SGTU 12-08-2021 43   150 P18S FN4315 10/01/2026 24/12/2025   Books